[Event "41st Olympiad Women 2014"]
[Site "Tromso NOR"]
[Date "2014.08.05"]
[Round "4.8"]
[Board "2"]
[White "Alexandrova, Olga"]
[Black "Frayna, Janelle Mae"]
[Result "1-0"]
[WhiteTitle "IM"]
[BlackTitle "WFM"]
[WhiteElo "2424"]
[BlackElo "2205"]
[WhiteTeam "Spain"]
[BlackTeam "Philippines"]
[WhiteFideId "14102463"]
[BlackFideId "5212499"]
[EventDate "2014.08.02"]

1. d4 d5 2. c4 c6 3. Nf3 Nf6 4. e3 a6 5. Bd3 b5 6. cxd5 cxd5 7. a4 b4 8. Nbd2 e6
9. O-O Be7 10. Nb3 a5 11. Bd2 Ba6 12. Bxa6 Rxa6 13. Qe2 O-O 14. Rfc1 Ra7 15. Ne5
Bd6 16. Rc2 Ne4 17. f3 Nxd2 18. Qxd2 Bxe5 19. dxe5 Nd7 20. Qd4 Qb8 21. f4 h6 22.
Rc6 Qa8 23. Rac1 Ra6 24. Rc7 Nb6 25. Nc5 Ra7 26. Nxe6 Rxc7 27. Rxc7 Rb8 28. Nxg7
Rb7 29. Rxb7 Qxb7 30. Nf5 Qc7 31. Qd1 Kf8 32. h3 Qc6 33. b3 Qg6 34. Qc2 Ke8 35.
Nd6+ Kd7 36. Qc5 Qb1+ 37. Kh2 Qxb3 38. Qxb6 Qc3 39. Qb7+ 1-0

[Event "41st Olympiad Women 2014"]
[Site "Tromso NOR"]
[Date "2014.08.05"]
[Round "4.8"]
[Board "3"]
[White "Fronda, Jan Jodilyn"]
[Black "Matnadze, Ana"]
[Result "0-1"]
[BlackTitle "IM"]
[WhiteElo "2098"]
[BlackElo "2385"]
[WhiteTeam "Philippines"]
[BlackTeam "Spain"]
[WhiteFideId "5204585"]
[BlackFideId "13601377"]
[EventDate "2014.08.02"]

1. e4 c6 2. d4 g6 3. c4 Bg7 4. Nc3 d6 5. Be3 Nf6 6. h3 O-O 7. Nf3 Qc7 8. Be2 e5
9. Qd2 exd4 10. Nxd4 Re8 11. f3 Nh5 12. Kf2 Qe7 13. h4 Be5 14. f4 Nxf4 15. Bxf4
Qf6 16. Nf5 gxf5 17. Bg5 Qg7 18. Rad1 Na6 19. exf5 Bxf5 20. Rhf1 Nc5 21. Kg1
Bxc3 22. Qxc3 Qxc3 23. bxc3 Rxe2 24. Rxf5 Ne4 25. Rd3 f6 26. Bxf6 Rf8 27. Rdf3
Rxa2 28. Bd4 Rxf5 29. Rxf5 c5 30. Be3 Ra1+ 31. Kh2 Rh1+ 32. Kxh1 Ng3+ 33. Kg1
Nxf5 34. Bf4 h5 35. Kf2 Kf7 36. g3 a5 37. Kf3 Ke6 38. Bc1 a4 39. Kf4 Kf6 40. g4
hxg4 41. Kxg4 Nxh4 42. Kxh4 Kf5 43. Kg3 Ke4 44. Kf2 Kd3 45. Ke1 Kc2 46. Ba3 Kb3
47. Bc1 a3 48. Bxa3 Kxa3 49. Kd2 Kb3 50. Kd3 b6 51. Kd2 Kxc4 52. Kc2 d5 53. Kb2
Kd3 54. Kb3 b5 55. Kb2 c4 56. Ka2 Kxc3 57. Ka3 d4 58. Ka2 d3 59. Ka3 d2 60. Ka2
b4 0-1

[Event "41st Olympiad Women 2014"]
[Site "Tromso NOR"]
[Date "2014.08.05"]
[Round "4.8"]
[Board "4"]
[White "Aranaz Murillo, Amalia"]
[Black "Bernales, Christy Lamiel"]
[Result "1-0"]
[WhiteTitle "WIM"]
[WhiteElo "2314"]
[BlackElo "2055"]
[WhiteTeam "Spain"]
[BlackTeam "Philippines"]
[WhiteFideId "22200371"]
[BlackFideId "5204534"]
[EventDate "2014.08.02"]

1. Nf3 c5 2. c4 g6 3. g3 Bg7 4. Bg2 Nc6 5. Nc3 e6 6. O-O Nge7 7. d3 O-O 8. Bg5
d5 9. Qc1 Re8 10. Rd1 Qd7 11. Bf4 b6 12. Bh3 Ba6 13. a3 Nd4 14. Bh6 Nxf3+ 15.
exf3 Bb7 16. Bxg7 Kxg7 17. Qf4 Nf5 18. Bxf5 exf5 19. d4 dxc4 20. dxc5 Qc6 21.
cxb6 axb6 22. Rd6 Qxf3 23. Qxf3 Bxf3 24. Rxb6 Re5 25. Rb4 Rae8 26. Kf1 h5 27.
Rxc4 g5 28. h4 gxh4 29. Rxh4 Bg4 30. Kg2 Rd8 31. Rhh1 Kh6 32. Rhe1 Rxe1 33. Rxe1
Rd2 34. b4 f4 35. gxf4 h4 36. Ne4 Rb2 37. Ng5 f6 38. Nh3 Kh5 39. Re8 Bxh3+ 40.
Kxh3 Rxf2 41. Rh8+ Kg6 42. Ra8 Kf5 43. b5 Rb2 44. a4 Kxf4 45. Ra6 f5 46. b6 Rb1
47. a5 Kf3 48. Kxh4 f4 49. Ra7 Kf2 50. Rf7 f3 51. b7 Rb4+ 52. Kh3 Ke2 53. Kg3
Rb3 54. a6 Rb6 55. a7 Rg6+ 56. Kh4 1-0

[Event "41st Olympiad Women 2014"]
[Site "Tromso NOR"]
[Date "2014.08.05"]
[Round "4.9"]
[Board "2"]
[White "Zawadzka, Jolanta"]
[Black "Videnova, Iva"]
[Result "1-0"]
[WhiteTitle "WGM"]
[BlackTitle "WGM"]
[WhiteElo "2398"]
[BlackElo "2342"]
[WhiteTeam "Poland"]
[BlackTeam "Bulgaria"]
[WhiteFideId "1122320"]
[BlackFideId "2907763"]
[EventDate "2014.08.02"]

1. e4 c5 2. Nf3 d6 3. Bb5+ Nd7 4. d4 cxd4 5. Qxd4 a6 6. Bxd7+ Bxd7 7. O-O e5 8.
Qd3 h6 9. c4 b5 10. Nfd2 Nf6 11. b3 Be7 12. Nc3 Qb6 13. Bb2 O-O 14. Rfc1 Ng4 15.
Qe2 Bg5 16. Nd5 Qxf2+ 17. Qxf2 Nxf2 18. Kxf2 Bxd2 19. Rd1 Ba5 20. Ne7+ Kh7 21.
Rxd6 Be6 22. c5 Rae8 23. Nf5 Bb4 24. Rc1 Rc8 25. Rxa6 Bxc5+ 26. Kf3 Rfd8 27.
Bxe5 Rd2 28. Bg3 g6 29. Be1 Rdd8 30. Ng3 h5 31. h3 h4 32. Nf1 g5 33. Bd2 Be7 34.
Rac6 Rd3+ 35. Be3 Rcd8 36. Rb6 Rd1 37. Rxd1 Rxd1 38. Nd2 Ra1 39. Rxb5 Rxa2 40.
Nc4 Kh6 41. Bd4 Kh5 42. Be3 Bd7 43. g4+ hxg3 44. Rb7 g4+ 45. hxg4+ Bxg4+ 46.
Kxg3 Bh4+ 47. Kf4 Bg5+ 48. Ke5 f6+ 49. Kd4 Be6 50. Rb6 Bg8 51. Bxg5 fxg5 52. Ne3
g4 53. Nxg4 Kxg4 54. Rg6+ Kf4 55. Rxg8 Rd2+ 56. Kc3 Rd7 57. Re8 Rc7+ 58. Kd4 Rb7
59. Rf8+ Kg5 60. Kc4 Rc7+ 61. Kd5 Rb7 62. e5 Rxb3 63. e6 Rb7 64. Rf7 Rb8 65. e7
Rb5+ 66. Kc6 1-0

[Event "41st Olympiad Women 2014"]
[Site "Tromso NOR"]
[Date "2014.08.05"]
[Round "4.9"]
[Board "3"]
[White "Nikolova, Adriana"]
[Black "Bartel, Marta"]
[Result "1/2-1/2"]
[WhiteTitle "WGM"]
[BlackTitle "WGM"]
[WhiteElo "2325"]
[BlackElo "2359"]
[WhiteTeam "Bulgaria"]
[BlackTeam "Poland"]
[WhiteFideId "2908689"]
[BlackFideId "1123009"]
[EventDate "2014.08.02"]

1. e4 c5 2. c3 g6 3. d4 cxd4 4. cxd4 d5 5. e5 Nc6 6. Nc3 Bg7 7. Bb5 Nh6 8. Bf4
O-O 9. Qd2 Nf5 10. Nf3 e6 11. Bxc6 bxc6 12. O-O h6 13. h3 g5 14. Bh2 a5 15. Na4
Ba6 16. Rfc1 Bb5 17. Nc5 a4 18. Rc3 Ne7 19. g4 Ng6 20. Kh1 Qe7 21. Re1 Rae8 22.
Rce3 Ra8 23. Rg1 Bc4 24. Ra3 Bb5 25. h4 gxh4 26. g5 h5 27. Rc1 Rfb8 28. Ne1 Rb6
29. f4 Rab8 30. Rc2 Bf1 31. Rxa4 Bh3 32. b3 Bf5 33. Rc3 Bf8 34. Ng2 Qd8 35. Ne3
Bxc5 36. Rxc5 Be4+ 37. Kg1 h3 38. Bg3 Ra8 39. Rca5 Rab8 40. Ra7 R6b7 41. Rxb7
Rxb7 42. Qd1 h4 43. Bh2 Ne7 44. Qh5 Bg6 45. Qxh4 Nf5 46. Qxh3 Nxe3 47. Qxe3 Rb8
48. Qc3 Kg7 49. Ra7 Qh8 50. f5 Bxf5 51. g6 Bxg6 52. Qf3 Qh5 53. Qxh5 Bxh5 54.
Kf1 Kg6 55. Ra6 Rc8 56. Ra5 Kf5 57. Bg1 Ke4 58. Rc5 Kd3 59. Kg2 Ra8 60. a4 Rb8
61. Rxc6 Rxb3 62. a5 Ra3 63. Rc5 Ke4 64. Bf2 Kf4 65. Rc1 Bf3+ 66. Kf1 Rxa5 67.
Re1 Ra3 68. Bh4 Rd3 69. Bf2 Rd1 70. Rxd1 1/2-1/2

[Event "41st Olympiad Women 2014"]
[Site "Tromso NOR"]
[Date "2014.08.05"]
[Round "4.9"]
[Board "4"]
[White "Kulon, Klaudia"]
[Black "Djingarova, Emilia"]
[Result "1-0"]
[WhiteTitle "WIM"]
[BlackTitle "WGM"]
[WhiteElo "2301"]
[BlackElo "2303"]
[WhiteTeam "Poland"]
[BlackTeam "Bulgaria"]
[WhiteFideId "1131044"]
[BlackFideId "2903229"]
[EventDate "2014.08.02"]

1. c4 e5 2. g3 Nc6 3. Bg2 g6 4. Nc3 Bg7 5. e3 f5 6. Nge2 d6 7. d3 Nf6 8. Rb1 a5
9. a3 O-O 10. b4 axb4 11. axb4 Kh8 12. O-O Ne7 13. d4 exd4 14. exd4 d5 15. c5
Ne4 16. Re1 h6 17. h4 Nc6 18. Nb5 Rf7 19. Be3 g5 20. hxg5 hxg5 21. Bc1 Nxf2 22.
Kxf2 f4 23. gxf4 gxf4 24. Rh1+ Kg8 25. Bf3 Ra2 26. Qb3 Nxd4 27. Nxd4 Bxd4+ 28.
Kf1 Rxe2 29. Kxe2 Qe8+ 30. Kf1 Bd7 31. b5 c6 32. bxc6 Bxc6 33. Bxd5 Bxd5 34.
Qxd5 Qa4 35. Qb3 Qc6 36. Rh7 Qa6+ 37. Ke1 Bg7 38. Bb2 Qa5+ 39. Kf1 Kxh7 40. Qxf7
Qb5+ 41. Ke1 Qb4+ 42. Kd1 1-0

[Event "41st Olympiad Women 2014"]
[Site "Tromso NOR"]
[Date "2014.08.05"]
[Round "4.10"]
[Board "1"]
[White "Rodriguez Rueda, Paula Andrea"]
[Black "Nakhbayeva, Guliskhan"]
[Result "0-1"]
[WhiteTitle "WIM"]
[BlackTitle "WGM"]
[WhiteElo "2368"]
[BlackElo "2336"]
[WhiteTeam "Colombia"]
[BlackTeam "Kazakhstan"]
[WhiteFideId "4404564"]
[BlackFideId "13704788"]
[EventDate "2014.08.02"]

1. d4 Nf6 2. c4 e6 3. Nc3 Bb4 4. e3 O-O 5. Bd3 d5 6. a3 Bxc3+ 7. bxc3 b6 8. Nf3
Bb7 9. O-O Nbd7 10. Re1 Re8 11. cxd5 exd5 12. a4 c5 13. dxc5 bxc5 14. c4 Nb6 15.
cxd5 c4 16. Be2 Bxd5 17. Bb2 Rc8 18. Bd4 Rc7 19. Qc2 Qe7 20. Rec1 h6 21. Qb2
Nbd7 22. Nd2 Rec8 23. Rc3 Ne5 24. Rac1 Nc6 25. Bxf6 Qxf6 26. Qb5 Qg5 27. f3 Nd4
28. exd4 Qxd2 29. Qxd5 Qxe2 30. Qe4 Qd2 31. d5 Kf8 32. R3c2 Qb4 33. Qd4 Qc5 34.
Qxc5+ Rxc5 35. Kf2 Ke7 36. Rb1 Kd6 37. Rb7 R8c7 38. Rxc7 Rxc7 39. Rd2 Rc5 40.
Rc2 Kxd5 41. Ke3 Rc7 42. Kd2 Kd4 43. Rc1 c3+ 44. Kc2 Re7 45. Rd1+ Kc4 46. Rd8
Re2+ 47. Kc1 Rxg2 48. Rd7 a5 49. Rxf7 g5 50. h3 Rh2 51. Rc7+ Kb3 52. Rb7+ Kxa4
53. Rc7 Kb3 54. Rb7+ Kc4 55. Rc7+ Kd3 56. Rd7+ Ke3 0-1

[Event "41st Olympiad Women 2014"]
[Site "Tromso NOR"]
[Date "2014.08.05"]
[Round "4.10"]
[Board "2"]
[White "Saduakassova, Dinara"]
[Black "Rivera, Ingris"]
[Result "1-0"]
[WhiteTitle "WGM"]
[BlackTitle "WIM"]
[WhiteElo "2375"]
[BlackElo "2210"]
[WhiteTeam "Kazakhstan"]
[BlackTeam "Colombia"]
[WhiteFideId "13700090"]
[BlackFideId "4402472"]
[EventDate "2014.08.02"]

1. d4 Nf6 2. c4 g6 3. Nc3 Bg7 4. e4 d6 5. Nf3 O-O 6. Be2 e5 7. O-O Nbd7 8. Be3
Re8 9. d5 Nh5 10. g3 Bf8 11. b4 Ng7 12. Qb3 b6 13. Rac1 Be7 14. Ne1 Kh8 15. Nd3
f5 16. c5 bxc5 17. bxc5 dxc5 18. Na4 fxe4 19. Ndxc5 Rb8 20. Qc4 Nf6 21. Rfd1 Nf5
22. Nc3 Nxe3 23. fxe3 a5 24. Nb5 Bd6 25. Nxe4 Nxe4 26. Qxe4 Bf5 27. Qh4 Qxh4 28.
gxh4 Rb6 29. Nxc7 Rc8 30. Nb5 Bc5 31. Rc3 Bd7 32. a4 Rf6 33. d6 Kg7 34. Rd5 Bb6
35. Rxc8 Bxe3+ 36. Kh1 Bxc8 37. d7 Bxd7 38. Rxd7+ Kh8 39. Rd3 Bf2 40. h5 Rc6 41.
h6 Rc8 42. Nd6 Rb8 43. Nf7+ Kg8 44. Nxe5 Be1 45. Rd1 Re8 46. Bc4+ 1-0

[Event "41st Olympiad Women 2014"]
[Site "Tromso NOR"]
[Date "2014.08.05"]
[Round "4.10"]
[Board "3"]
[White "Franco Valencia, Angela"]
[Black "Abdumalik, Zhansaya"]
[Result "1-0"]
[WhiteTitle "WIM"]
[BlackTitle "WGM"]
[WhiteElo "2186"]
[BlackElo "2333"]
[WhiteTeam "Colombia"]
[BlackTeam "Kazakhstan"]
[WhiteFideId "4403070"]
[BlackFideId "13703544"]
[EventDate "2014.08.02"]

1. e4 e6 2. d4 d5 3. Nd2 c5 4. exd5 Qxd5 5. Ngf3 cxd4 6. Bc4 Qd6 7. O-O Nf6 8.
Nb3 Nc6 9. Nbxd4 Nxd4 10. Qxd4 Qxd4 11. Nxd4 a6 12. a4 Bc5 13. Nb3 Be7 14. Bf4
O-O 15. Rfd1 Bd7 16. Be5 Rfc8 17. Bd3 Be8 18. h3 Nd7 19. Bg3 g6 20. Be4 Ra7 21.
a5 f5 22. Bf3 Bf6 23. c3 Ne5 24. Bxe5 Bxe5 25. Re1 Bb8 26. Rxe6 Bf7 27. Rb6 Bf4
28. g3 Be5 29. Re1 Bc7 30. Nc5 Bxg3 31. b4 Bf4 32. Rxb7 Rxb7 33. Bxb7 Rc7 34.
Rd1 Be5 35. Bxa6 Bxc3 36. Rd8+ Kg7 37. Nd3 g5 38. Bb5 g4 39. hxg4 fxg4 40. a6
Bg6 41. Nc5 Kh6 42. Rd7 Rc8 43. Nd3 Be4 44. a7 Kg5 45. Nc5 Bf3 46. Ne6+ Kf6 47.
Nc7 Bxb4 48. Ba6 Rg8 49. Bc4 Rc8 50. Bd5 Bxd5 51. Nxd5+ Ke6 52. Nb6 Rf8 53. Rc7
Bd6 54. Rc8 1-0

[Event "41st Olympiad Women 2014"]
[Site "Tromso NOR"]
[Date "2014.08.05"]
[Round "4.10"]
[Board "4"]
[White "Dauletova, Gulmira"]
[Black "Castrillon Gomez, Melissa"]
[Result "1-0"]
[WhiteTitle "WIM"]
[BlackTitle "WIM"]
[WhiteElo "2252"]
[BlackElo "2168"]
[WhiteTeam "Kazakhstan"]
[BlackTeam "Colombia"]
[WhiteFideId "13702971"]
[BlackFideId "4402413"]
[EventDate "2014.08.02"]

1. e4 e6 2. d4 d5 3. exd5 exd5 4. Nf3 Bg4 5. h3 Bxf3 6. Qxf3 Nc6 7. Be3 Nf6 8.
Nc3 Bb4 9. Bd3 Qe7 10. O-O O-O-O 11. a3 Ba5 12. Ne2 Bb6 13. b4 h6 14. c3 g5 15.
Ng3 Rdg8 16. Rfe1 Qd8 17. a4 a5 18. b5 Na7 19. Bc1 Kb8 20. Ba3 Re8 21. Re5 Rxe5
22. dxe5 Nd7 23. Qxd5 Nc5 24. Qxd8+ Rxd8 25. Bxc5 Bxc5 26. Bc4 Re8 27. Re1 Bd6
28. e6 fxe6 29. Rxe6 Rxe6 30. Bxe6 c6 31. Ne4 Be5 32. c4 Nc8 33. Bxc8 Kxc8 34.
bxc6 bxc6 35. Kf1 Kd7 36. Ke2 Ke6 37. Nc5+ Ke7 38. Ke3 Bc7 39. Ke4 Bb6 40. Nd3
Ke6 41. g4 Bc7 42. Nc5+ Kd6 43. Nb3 Bb6 44. f3 Bf2 45. Nxa5 Kc5 46. Kd3 Be1 47.
Nb3+ Kb4 48. Nd4 Kc5 49. Nf5 Kb4 50. Nxh6 Kxa4 51. Nf7 Bh4 52. Ne5 c5 53. Ke4
Bg3 54. Nd3 Kb3 55. Kd5 1-0

[Event "41st Olympiad Women 2014"]
[Site "Tromso NOR"]
[Date "2014.08.05"]
[Round "4.11"]
[Board "1"]
[White "Harika, Dronavalli"]
[Black "Vojinovic, Jovana"]
[Result "1-0"]
[WhiteTitle "GM"]
[BlackTitle "WGM"]
[WhiteElo "2521"]
[BlackElo "2312"]
[WhiteTeam "India"]
[BlackTeam "Serbia"]
[WhiteFideId "5015197"]
[BlackFideId "937266"]
[EventDate "2014.08.02"]

1. c4 c6 2. d4 d5 3. e3 Nf6 4. Nc3 g6 5. Nf3 Bg7 6. Be2 O-O 7. O-O dxc4 8. Bxc4
Bg4 9. Be2 c5 10. d5 e6 11. h3 Bxf3 12. Bxf3 exd5 13. Nxd5 Nc6 14. Qb3 Nxd5 15.
Bxd5 Qb6 16. Qc4 Nb4 17. Be4 Rfd8 18. Rb1 a5 19. a3 Nc6 20. b3 Ne5 21. Qe2 f5
22. Bc2 Qa6 23. Qxa6 Rxa6 24. e4 Nd3 25. exf5 gxf5 26. Be3 Bf8 27. a4 Rad6 28.
Rfd1 f4 29. Rxd3 Rxd3 30. Bxd3 fxe3 31. Bc4+ Kg7 32. fxe3 Be7 33. Rf1 Rf8 34.
Rf3 Bg5 35. Kf2 Rf6 36. Ke2 b6 37. Kd3 Rd6+ 38. Ke2 Rf6 39. Bd5 Kf8 40. Kd3 Ke7
41. Ke4 h6 42. Bc4 Rf8 43. Rxf8 Kxf8 44. g3 Kg7 45. h4 Bd8 46. Kd5 Bc7 47. g4
Bg3 48. h5 Kf6 49. Kc6 Be1 50. Kxb6 Bd2 51. Bd3 Ke5 52. Kb5 Bb4 53. Bg6 Bd2 54.
Bf5 Kf6 55. e4 Bb4 56. Bg6 Ke5 57. Kc4 Kd6 58. g5 Bd2 59. gxh6 Bxh6 60. Kb5 Bd2
61. Bf5 Bb4 62. h6 Bc3 1-0

[Event "41st Olympiad Women 2014"]
[Site "Tromso NOR"]
[Date "2014.08.05"]
[Round "4.11"]
[Board "3"]
[White "Gomes, Mary Ann"]
[Black "Rakic, Marija"]
[Result "0-1"]
[WhiteTitle "WGM"]
[BlackTitle "WIM"]
[WhiteElo "2352"]
[BlackElo "2323"]
[WhiteTeam "India"]
[BlackTeam "Serbia"]
[WhiteFideId "5013623"]
[BlackFideId "936286"]
[EventDate "2014.08.02"]

1. Nf3 Nf6 2. g3 e6 3. Bg2 b6 4. c4 Bb7 5. O-O Be7 6. b3 O-O 7. Bb2 d5 8. d4
dxc4 9. bxc4 c5 10. e3 Qc7 11. Qe2 Nbd7 12. Rd1 Rac8 13. Nbd2 Rfd8 14. Rac1 Bc6
15. Nb3 Qb7 16. Ne1 Bxg2 17. Nxg2 Qa6 18. Ba1 Ne4 19. Nf4 cxd4 20. exd4 Ndf6 21.
f3 Nd6 22. d5 Rxc4 23. dxe6 Rxc1 24. Nxc1 Qxe2 25. Ncxe2 Nb7 26. Rxd8+ Nxd8 27.
Nd4 fxe6 28. Nfxe6 Nxe6 29. Nxe6 Kf7 30. Nc7 Bc5+ 31. Kf1 g6 32. Ke2 Bg1 33. h3
Nd7 34. Nb5 a5 35. Kd3 Nc5+ 36. Kc4 Ne6 37. Bd4 Nxd4 38. Nxd4 Ke7 39. Kd5 Kd7
40. a4 Bf2 41. Ne2 Be1 42. g4 Bd2 43. Ng3 Be3 44. Ne4 h6 45. h4 Bf4 46. h5 gxh5
47. Nf6+ Ke7 48. Nxh5 Bh2 49. f4 Kf7 50. Kc6 Bg1 51. Ng3 Be3 52. f5 Bf2 53. Ne4
Bd4 54. Kd5 Bg1 55. Kd6 Bd4 56. Kc6 Ke7 57. Kd5 Bg1 58. f6+ Kf7 59. Ke5 Bc5 60.
Kf5 Bb4 61. Ke5 Ba3 62. Kf5 Bb4 63. g5 hxg5 64. Nxg5+ Ke8 65. Ke6 Kd8 66. Nf3 b5
67. axb5 a4 68. Nd4 Kc7 0-1

[Event "41st Olympiad Women 2014"]
[Site "Tromso NOR"]
[Date "2014.08.05"]
[Round "4.11"]
[Board "4"]
[White "Velikic, Adela"]
[Black "Padmini, Rout"]
[Result "1/2-1/2"]
[BlackTitle "WGM"]
[WhiteElo "2145"]
[BlackElo "2318"]
[WhiteTeam "Serbia"]
[BlackTeam "India"]
[WhiteFideId "913553"]
[BlackFideId "5029295"]
[EventDate "2014.08.02"]

1. e4 c5 2. Nf3 d6 3. d4 cxd4 4. Nxd4 Nf6 5. Nc3 a6 6. Be2 e5 7. Nb3 Be7 8. Bg5
Nbd7 9. a4 b6 10. Nd2 h6 11. Bxf6 Nxf6 12. Nc4 O-O 13. O-O Bb7 14. Bf3 Rc8 15.
Qe2 Qc7 16. Ne3 Rfd8 17. Rfd1 Bf8 18. g3 g6 19. Bg2 Qb8 20. Ned5 Nxd5 21. Nxd5
Bxd5 22. Rxd5 a5 23. c3 Rc5 24. Rad1 Rdc8 25. Bh3 Rxd5 26. Rxd5 Rc5 27. Rxc5
dxc5 28. Qd3 Qd6 29. Qxd6 Bxd6 30. Kf1 Kf8 31. Ke2 Ke7 32. Kd3 Bc7 33. Kc4 Kd6
34. Bf1 Bd8 35. b3 Kc6 36. Kd3 Kd6 37. Kc4 Kc6 38. Kd3 Kd6 39. Kc4 Kc6 1/2-1/2

[Event "41st Olympiad Women 2014"]
[Site "Tromso NOR"]
[Date "2014.08.05"]
[Round "4.12"]
[Board "4"]
[White "Cemhan, Kardelen"]
[Black "Gaponenko, Inna"]
[Result "0-1"]
[WhiteTitle "WCM"]
[BlackTitle "IM"]
[WhiteElo "2019"]
[BlackElo "2379"]
[WhiteTeam "Turkey"]
[BlackTeam "Ukraine"]
[WhiteFideId "6325670"]
[BlackFideId "14101181"]
[EventDate "2014.08.02"]

1. e4 c5 2. Nf3 Nc6 3. d4 cxd4 4. Nxd4 Nf6 5. Nc3 d6 6. Bg5 Qa5 7. Bxf6 gxf6 8.
Nb3 Qg5 9. Nd5 Rb8 10. f4 Qg6 11. Qd3 f5 12. e5 Bh6 13. exd6 Qxd6 14. g3 Kf8 15.
O-O-O e6 16. Nc3 Qxd3 17. Rxd3 Ke7 18. Bg2 Rd8 19. Rxd8 Nxd8 20. Kb1 Bg7 21. Rd1
Bxc3 22. bxc3 b6 23. Nd4 Bb7 24. Bxb7 Rxb7 25. Kc1 Rc7 26. Nb5 Rc5 27. Nxa7 Nb7
28. Kb2 Nd6 29. a4 f6 30. Re1 e5 31. Nb5 Nxb5 32. axb5 Rxb5+ 33. Kc1 Ke6 34. Kd2
Kd5 35. Ra1 exf4 36. gxf4 Ke4 37. Ra4+ Kf3 38. Rd4 h5 39. Rd6 Kxf4 40. Rxf6 h4
41. c4 Rb1 42. Kd3 Kg5 43. Re6 Kg4 44. Rg6+ Kh3 45. Rf6 Kxh2 46. Rxf5 h3 47. Rf6
Kg2 48. Rg6+ Kf3 49. Rf6+ Kg3 50. Rg6+ Kf4 51. Rh6 Kg4 52. Rh8 Re1 53. Rg8+ Kf3
54. Rf8+ Kg2 55. Rg8+ Kh1 56. Kd2 Rg1 57. Rh8 h2 58. Ke3 Kg2 59. Rg8+ Kf1 60.
Rf8+ Ke1 61. Ra8 Rg3+ 62. Kd4 Kf2 0-1

[Event "41st Olympiad Women 2014"]
[Site "Tromso NOR"]
[Date "2014.08.05"]
[Round "4.13"]
[Board "1"]
[White "Houska, Jovanka"]
[Black "Ziaziulkina, Nastassia"]
[Result "1/2-1/2"]
[WhiteTitle "IM"]
[BlackTitle "IM"]
[WhiteElo "2401"]
[BlackElo "2407"]
[WhiteTeam "England"]
[BlackTeam "Belarus"]
[WhiteFideId "405094"]
[BlackFideId "13505211"]
[EventDate "2014.08.02"]

1. d4 d5 2. Nf3 Nf6 3. c4 c6 4. e3 Bg4 5. h3 Bf5 6. cxd5 cxd5 7. Qb3 Qc7 8. Nc3
e6 9. g4 Bg6 10. Ne5 Nc6 11. Qa4 Nd7 12. Nxg6 hxg6 13. Bd2 Rc8 14. Be2 Be7 15.
Kf1 Kf8 16. Kg2 Nb6 17. Qc2 Na5 18. Rac1 Nac4 19. Be1 a6 20. Bd3 g5 21. b3 Nd6
22. Qb2 Qd7 23. Bd2 g6 24. Ne2 Rxc1 25. Rxc1 Nb5 26. Rc5 Kg8 27. Bxb5 axb5 28.
Rc2 b4 29. Qc1 Bd6 30. Ng1 f5 31. f3 Rh7 32. e4 dxe4 33. fxe4 fxg4 34. Bxg5
gxh3+ 1/2-1/2

[Event "41st Olympiad Women 2014"]
[Site "Tromso NOR"]
[Date "2014.08.05"]
[Round "4.13"]
[Board "2"]
[White "Stetsko, Lanita"]
[Black "Maroroa, Sue"]
[Result "1-0"]
[WhiteTitle "FM"]
[BlackTitle "WIM"]
[WhiteElo "2261"]
[BlackElo "2120"]
[WhiteTeam "Belarus"]
[BlackTeam "England"]
[WhiteFideId "13505300"]
[BlackFideId "4301498"]
[EventDate "2014.08.02"]

1. e4 e5 2. Nf3 Nc6 3. Nc3 Nf6 4. Be2 Bb4 5. Nd5 O-O 6. Nxb4 Nxb4 7. Nxe5 Qe7 8.
d4 d6 9. Nd3 Nc6 10. d5 Nd4 11. f3 Nxe4 12. fxe4 Qxe4 13. Nf2 Nxc2+ 14. Kf1 Ne3+
15. Bxe3 Qxe3 16. Qb3 Qe5 17. Bf3 b6 18. g3 h5 19. Re1 Qg5 20. Kg2 Bg4 21. h3
Bf5 22. Qe3 Qf6 23. Qc3 Qg6 24. Re7 Qg5 25. Rhe1 h4 26. g4 Bg6 27. R1e6 Qh6 28.
Re2 a5 29. Qe3 Qxe3 30. R2xe3 Rfc8 31. Rd7 Ra7 32. Ree7 Kf8 33. Be2 a4 34. Bd3
Re8 35. Rxe8+ Kxe8 36. Bb5 Ra5 37. Bc6 Bb1 38. a3 Kf8 39. Rxc7 Ba2 40. Rc8+ Ke7
41. Ne4 f6 42. Nc3 Bb3 43. Re8+ Kf7 44. Rb8 Rc5 45. Rxb6 Rc4 46. Rb4 Rc5 47.
Bxa4 1-0

[Event "41st Olympiad Women 2014"]
[Site "Tromso NOR"]
[Date "2014.08.05"]
[Round "4.13"]
[Board "3"]
[White "Kalaiyalahan, Akshaya"]
[Black "Nevioselaya, Maria"]
[Result "0-1"]
[WhiteElo "2016"]
[BlackElo "2032"]
[WhiteTeam "England"]
[BlackTeam "Belarus"]
[WhiteFideId "422894"]
[BlackFideId "13502280"]
[EventDate "2014.08.02"]

1. d4 d5 2. Nf3 Nf6 3. c4 c6 4. e3 Bg4 5. Nc3 e6 6. h3 Bh5 7. Be2 Nbd7 8. cxd5
exd5 9. O-O Bd6 10. b3 O-O 11. Bb2 Re8 12. Rc1 Qe7 13. Nb1 Rad8 14. Nbd2 Bb8 15.
Re1 Bg6 16. Nh4 Qd6 17. g3 Rxe3 18. fxe3 Qxg3+ 19. Ng2 Ne4 20. Nxe4 Bxe4 21. Bf3
Bxf3 22. Qd2 Qh2+ 0-1

[Event "41st Olympiad Women 2014"]
[Site "Tromso NOR"]
[Date "2014.08.05"]
[Round "4.13"]
[Board "4"]
[White "Revo, Tatiana"]
[Black "James, Ann-Marie"]
[Result "1-0"]
[BlackTitle "WFM"]
[WhiteElo "2023"]
[BlackElo "2095"]
[WhiteTeam "Belarus"]
[BlackTeam "England"]
[WhiteFideId "13506480"]
[BlackFideId "403644"]
[EventDate "2014.08.02"]

1. e4 e5 2. Nf3 Nc6 3. Bc4 Bc5 4. d3 Nf6 5. O-O O-O 6. c3 d6 7. Bb3 a6 8. Nbd2
Ba7 9. h3 Ne7 10. Re1 Ng6 11. Nf1 Qe7 12. Ng3 Be6 13. Bc2 d5 14. d4 exd4 15.
Nxd4 Nxe4 16. Nxe4 dxe4 17. Bxe4 Rad8 18. Qf3 Bxd4 19. cxd4 Bd5 20. Bd2 Qd6 21.
a3 Bxe4 22. Rxe4 f5 23. Ree1 Qd5 24. Qxd5+ Rxd5 25. Rac1 c6 26. Bb4 Rfd8 27. Bc5
Kf7 28. Re3 Re8 29. Rxe8 Kxe8 30. Re1+ Kf7 31. h4 Rd7 32. g3 Nf8 33. Bb6 Ne6 34.
Rd1 Ke7 35. Kf1 Kd6 36. Ke2 Nc7 37. Bxc7+ Rxc7 38. Kd3 Re7 39. Rc1 b6 40. Rg1
Kd5 41. g4 f4 42. Rc1 f3 43. Rc2 Re4 44. Rxc6 Rxg4 45. Rxb6 Rxh4 46. Rxa6 Rxd4+
47. Ke3 Re4+ 48. Kxf3 Re7 49. Rb6 Rf7+ 50. Kg3 Ra7 51. Rb4 Kc5 52. Rh4 h6 53.
Re4 Rb7 54. b4+ Kd5 55. Re3 Kd4 56. Kg4 Ra7 57. Kh5 Rf7 58. Re2 Kd3 59. Ra2 Rf6
60. Kg4 Kc3 61. Re2 Rg6+ 62. Kf5 Rf6+ 63. Ke5 Kd3 64. Re3+ Kd2 65. Rg3 Rxf2 66.
Rxg7 Kc3 67. b5 Rb2 68. a4 Rb4 69. Rg3+ Kb2 70. Kd5 Rxa4 71. b6 h5 72. Kc6 h4
73. Rh3 Rg4 74. b7 Rg6+ 75. Kc7 Rg7+ 76. Kb6 1-0